000 00985nam a2200277Ia 4500
003 GCL
008 140319s9999 xx 000 0 ara d
020 _a5405727977
040 _aGCL /
_cGCL
082 0 4 _a953.21
_bع ص
100 1 _aعبدالله عبدالسلام الحداد
245 1 0 _aصنعاء :
_bتاريخها ومنازلها الاثرية /
_cعبدالله عبدالسلام الحداد
250 _aالاولى
260 _aالقاهرة :
_bدار الافاق العربية ،
_c1999
300 _a120 ص ؛
_c16 سم
490 _aمدن تراثية
_v2
650 0 4 _aالعمارة القديمة
650 0 4 _aالمدن - تخطيط
650 0 4 _aصنعاء - تاريخ
650 0 4 _aصنعاء - اثار
650 0 4 _aاليمن - تاريخ
650 0 4 _aالعمارة اليمنية القديمة
650 0 4 _aالعمارة القديمة - صنعاء
650 0 4 _aالمدن - تخطيط - صنعاء
942 _2ddc
_cBK
999 _c8627
_d8627